| 000 | 01010nas a2200337 4500 | ||
|---|---|---|---|
| 001 | BR0602972 | ||
| 003 | BR-BrBNA | ||
| 005 | 20231205110109.0 | ||
| 007 | ta | ||
| 008 | 230509b bl.|||p| |||| 00| 00por d | ||
| 040 |
_aBR-BrBNA _bpor _cBiblioteca Nacional de Agricultura |
||
| 041 | _a(Pt) | ||
| 072 | _aL72 | ||
| 100 | 1 | _aMundim, M.J.S. | |
| 100 | 1 | _aMundim, A.V. | |
| 100 | 1 | _aSantos, A.L.Q. | |
| 100 | 1 | _aCabral, D.D. | |
| 100 | 1 | _aFaria, E.S.M. | |
| 100 | 1 | _aMoraes, F.M. | |
| 245 | 1 | _aHelmintos e protozoários em fezes de javalis (Sus scrofa scrofa)criados em cativeiro | |
| 650 | _aJAVALI | ||
| 650 | _aANIMAL SELVAGEM | ||
| 650 | _aCRIAÇÃO EM CATIVEIRO | ||
| 650 | _aHELMINTO | ||
| 650 | _aPROTOZOÁRIO | ||
| 650 | _aFEZES | ||
| 650 | _aANÁLISE DE LABORATÓRIO | ||
| 773 | 0 |
_tArquivo Brasileiro de Medicina Veterinária e Zootecnia (Brazil) _xISSN 0102-0935 _g(Dec 2004), v. 56(6) p. 792-795 _wBR0602972 |
|
| 909 |
_a202311 _bLúcia _c55 _dLúcia Elande |
||
| 942 |
_2AGRIS _n0 _cANA |
||
| 999 |
_c186191 _d186191 |
||